The merino : past, present and probable /

Bibliographic Details
Main Author: Austin, Harry Braim
Format: Book
Language:English
Published: Sydney : Grahame Book Co., 1950.
Edition:4th ed.
Subjects:

MARC

Tag First Indicator Second Indicator Subfields
LEADER 00000cam a2200000Ii 4500
001 in00000029412
005 20230801171924.0
008 800129s1950 xnaa b 000 0 eng d
019 |a 6469856 
029 1 |a AU@  |b 000004021739 
029 1 |a AU@  |b 000046120988 
035 |a (OCoLC)ocm05921810  
035 |a (OCoLC)5921810  |z (OCoLC)6469856 
035 |a (OCoLC)ocm05921810  
040 |a COF  |b eng  |c COF  |d TXA  |d OCLCQ  |d OCLCF  |d OCLCQ  |d OCLCO  |d OCLCQ  |d OCLCO 
050 4 |a SF373.M5  |b A9 1950 
082 4 |a 636.36  |b A935m4 
100 1 |a Austin, Harry Braim. 
245 1 4 |a The merino :  |b past, present and probable /  |c by H.B. Austin. 
250 |a 4th ed. 
260 |a Sydney :  |b Grahame Book Co.,  |c 1950. 
300 |a 230 pages :  |b illustrations ;  |c 25 cm 
336 |a text  |b txt  |2 rdacontent 
337 |a unmediated  |b n  |2 rdamedia 
338 |a volume  |b nc  |2 rdacarrier 
504 |a Includes bibliographical references (pages 227-230). 
650 0 |a Merino sheep. 
650 0 |a Breeding. 
650 6 |a Mérinos. 
650 7 |a Breeding.  |2 fast  |0 (OCoLC)fst00838434 
650 7 |a Merino sheep.  |2 fast  |0 (OCoLC)fst01017183 
948 |h HELD BY TXA - 16 OTHER HOLDINGS 
994 |a Z0  |b TXA 
999 f f |s cbeccda5-156b-3208-b837-b4cad297c10f  |i f0657c59-acb2-3929-b928-8f7b1e0fbb98  |t 0 
952 f f |p ric  |a Texas A&M University  |b Rellis Campus  |c Joint Library Facility  |s JLF  |d Remote Storage  |t 0  |e SF373.M5 A9 1950  |h Library of Congress classification  |i unmediated -- volume  |m A14801090843